000 00997nam a2200349 a 4500
003 AR-BaBNM
005 20251128204947.0
008 082120s2002 ||||||||||||||000 | spa||
020 _a968-16-0309-5
040 _cAR-BaBNM
245 0 0 _aLos cambios sociales
_bfuentes, tipos y consecuencias
250 _a1ª ed.
260 _aMéxico, D.F.
_bFondo de Cultura Económica
_c1992
300 _a453 p.
_bgráfs.
490 0 _aSección obras de sociología
500 _aContiene índice de nombres en p. 445
650 4 _aCAMBIO SOCIAL
650 4 _aMODERNIZACION
650 4 _aEVOLUCION
650 4 _aMATERIALISMO DIALECTICO
650 4 _aCONFLICTO SOCIAL
650 4 _aPROBLEMAS SOCIALES
650 4 _aAUTORIDAD
650 4 _aESTRUCTURA SOCIAL
650 4 _aCLASES SOCIALES
650 4 _aDINAMICA DE GRUPO
700 1 _aEtzioni, Amitai
_ecompilador
700 1 _aEtzioni, Eva
_ecompilador
700 1 _aTorner, Florentino M.
_etraductor
942 _cBK
998 _cMARTIN
999 _c9492
_d9492